00141 a2200073 450000100060000010000130000624500300001926000180004925355 aMeyer, L aAtomic Energy in Industry abA T Sc1963